[Event "47th IT Bosna 2017"]
[Site "Sarajevo"]
[Date "2017.05.18"]
[Round "8.6"]
[White "Nestorovic, Nikola"]
[Black "Burovic, Rijad"]
[Result "1-0"]
[WhiteElo "2506"]
[BlackElo "2290"]
[PlyCount "97"]
[EventDate "2017.05.13"]

1. e4 e6 2. d4 d5 3. Nc3 Bb4 4. e5 Ne7 5. a3 Bxc3+ 6. bxc3 b6 7. Qg4 Ng6 8. h4
h5 9. Qd1 Ba6 10. Bxa6 Nxa6 11. Bg5 Qd7 12. Ne2 Qa4 13. Rh3 Ne7 14. Nf4 g6 15.
Bf6 Rg8 16. Qb1 c5 17. Qb3 Qxb3 18. cxb3 cxd4 19. cxd4 Nc6 20. Rd3 Kd7 21. f3
Nc7 22. Kf2 Rac8 23. g4 hxg4 24. fxg4 Nb5 25. Ne2 Ne7 26. a4 Nc7 27. Rc1 Ne8
28. Rxc8 Nxc8 29. Bg5 Ne7 30. Rf3 Rf8 31. b4 Ng8 32. Nf4 Ne7 33. Nd3 Ng8 34.
Ke2 Ng7 35. b5 Ne8 36. Bc1 Ne7 37. Ba3 Nc7 38. Nb4 Rh8 39. Rxf7 Ke8 40. Rf2 Ng8
41. Na6 Nxa6 42. Rf8+ Kd7 43. bxa6 Rxh4 44. Rxg8 Rxg4 45. Bd6 Rxd4 46. Rg7+ Kc8
47. Rxa7 Rxa4 48. Rc7+ Kd8 49. a7 1-0

[Event "47th IT Bosna 2017"]
[Site "Sarajevo"]
[Date "2017.05.18"]
[Round "8.7"]
[White "Arapovic, Vitomir"]
[Black "Kosic, Dragan"]
[Result "0-1"]
[WhiteElo "2330"]
[BlackElo "2485"]
[PlyCount "104"]
[EventDate "2017.05.13"]

1. e4 e6 2. d4 d5 3. Nc3 Nf6 4. Bg5 dxe4 5. Nxe4 Be7 6. Bxf6 gxf6 7. Nf3 f5 8.
Ned2 a6 9. g3 c5 10. dxc5 Qa5 11. Bg2 Qxc5 12. O-O Bf6 13. c3 O-O 14. Qb3 Nc6
15. a4 Rb8 16. Qa3 Qxa3 17. Rxa3 Rd8 18. Raa1 b5 19. axb5 axb5 20. Rfd1 b4 21.
Rac1 e5 22. cxb4 Nxb4 23. Nc4 Rxd1+ 24. Rxd1 e4 25. Nfe5 Rb7 26. g4 fxg4 27.
Bxe4 Rc7 28. b3 Be6 29. Rd6 Bxe5 30. Nxe5 Rc1+ 31. Kg2 Re1 32. f3 Re2+ 33. Kg3
gxf3 34. Kxf3 Rxh2 35. Rb6 Rh3+ 36. Kf4 Rxb3 37. Rb7 h6 38. Ra7 Nd5+ 39. Bxd5
Bxd5 40. Ra1 Rb4+ 41. Kf5 Be4+ 42. Kf4 Kg7 43. Kg3 h5 44. Ra7 Bd5 45. Ra5 h4+
46. Kh2 Be6 47. Nf3 Rb2+ 48. Kg1 h3 49. Rg5+ Kf6 50. Rg3 Ra2 51. Rg8 Bd5 52.
Rg3 Ra3 0-1

[Event "47th IT Bosna 2017"]
[Site "Sarajevo"]
[Date "2017.05.18"]
[Round "8.8"]
[White "Blagojevic, Dragisa"]
[Black "Bistric, Faruk"]
[Result "1-0"]
[WhiteElo "2480"]
[BlackElo "2349"]
[PlyCount "91"]
[EventDate "2017.05.13"]

1. d4 e6 2. c4 c5 3. d5 exd5 4. cxd5 d6 5. Nc3 Ne7 6. Nf3 Ng6 7. g3 Be7 8. Bg2
O-O 9. O-O Re8 10. Nd2 Nd7 11. h3 f5 12. e3 Bf6 13. a4 Nge5 14. Qc2 g6 15. b3
Bg7 16. Bb2 Nf6 17. Rae1 Bd7 18. e4 Qb6 19. Kh1 c4 20. bxc4 Rac8 21. Nb5 Nxc4
22. Bd4 Nxd2 23. Qxd2 Qa6 24. Qb2 Rf8 25. exf5 Qxa4 26. Nxd6 Rc2 27. Qa1 Ra2
28. Qb1 Bxf5 29. Nxf5 gxf5 30. Bxf6 Bxf6 31. Qxf5 Qd4 32. Re4 Qc5 33. Qe6+ Kh8
34. Rf4 Bg7 35. d6 Rd2 36. Rxf8+ Bxf8 37. Qf6+ Kg8 38. Qe6+ Kg7 39. Qd7+ Kh8
40. Be4 Qh5 41. Qc8 Qh6 42. d7 Qf6 43. Qxb7 Qe6 44. Qa8 Qe7 45. Bc6 Qf6 46. Bd5
1-0

[Event "47th IT Bosna 2017"]
[Site "Sarajevo"]
[Date "2017.05.18"]
[Round "8.9"]
[White "Ozen, Bahadir"]
[Black "Stojanovic, Dalibor"]
[Result "1-0"]
[WhiteElo "2289"]
[BlackElo "2478"]
[PlyCount "97"]
[EventDate "2017.05.13"]

1. g3 g6 2. Bg2 Bg7 3. c4 d6 4. Nc3 Nf6 5. Nf3 O-O 6. O-O Nc6 7. d3 e5 8. Bg5
h6 9. Bxf6 Bxf6 10. Rb1 Bg7 11. b4 f5 12. b5 Ne7 13. Nd2 h5 14. Qb3 Kh7 15. f4
h4 16. Nf3 Bf6 17. e4 hxg3 18. hxg3 fxe4 19. Nxe4 Nf5 20. Qb2 Nxg3 21. fxe5
Nxe4 22. exf6 Nxf6 23. Ng5+ Kg8 24. Rbe1 Bf5 25. Ne6 Qd7 26. Nxf8 Rxf8 27. Qd4
b6 28. Rf2 Qg7 29. Rfe2 Qh6 30. Re7 Qg5 31. R1e3 Rf7 32. Rxf7 Kxf7 33. Re1 Qd2
34. Qe3 Qxe3+ 35. Rxe3 Ng4 36. Rh3 Nf6 37. Rf3 d5 38. cxd5 Ke7 39. d4 Kd6 40.
Rc3 Ne4 41. Rc4 Kxd5 42. Rxc7 Kxd4 43. a4 Nc3 44. Bf1 Be6 45. Rxa7 Kc5 46. Rc7+
Kb4 47. a5 Nxb5 48. axb6 Nxc7 49. b7 1-0

[Event "47th IT Bosna 2017"]
[Site "Sarajevo"]
[Date "2017.05.18"]
[Round "8.10"]
[White "Drasko, Milan"]
[Black "Aakanksha, Hagawane"]
[Result "1/2-1/2"]
[WhiteElo "2446"]
[BlackElo "2283"]
[PlyCount "28"]
[EventDate "2017.05.13"]

1. Nf3 Nf6 2. g3 g6 3. Bg2 Bg7 4. O-O d5 5. d4 O-O 6. c4 dxc4 7. Na3 c3 8. bxc3
c5 9. Bb2 Nc6 10. Re1 Qb6 11. Nc4 Qa6 12. Nfe5 Be6 13. Nxc6 bxc6 14. Ne5 Rac8
1/2-1/2

[Event "47th IT Bosna 2017"]
[Site "Sarajevo"]
[Date "2017.05.18"]
[Round "8.11"]
[White "Zarkovic, Mila"]
[Black "Stankovic, Milos"]
[Result "1/2-1/2"]
[WhiteElo "2251"]
[BlackElo "2406"]
[PlyCount "75"]
[EventDate "2017.05.13"]

1. e4 c5 2. Nf3 d6 3. d4 cxd4 4. Nxd4 Nf6 5. Nc3 g6 6. Be3 Bg7 7. f3 Nc6 8. Qd2
O-O 9. O-O-O d5 10. Kb1 Rb8 11. Nxc6 bxc6 12. Bxa7 Rb7 13. Bd4 dxe4 14. Qe1 Rd7
15. Bf2 exf3 16. gxf3 Ne4 17. Rxd7 Nxc3+ 18. Qxc3 Bxd7 19. Qc5 Be6 20. Bc4 Qb8
21. Bb3 Bd5 22. Bg3 Qb7 23. Re1 Bxb3 24. cxb3 Qd7 25. Qe3 Rd8 26. a4 Qf5+ 27.
Ka2 e6 28. Qb6 Qd5 29. Re2 Bf6 30. Rc2 Qxf3 31. Rf2 Qh1 32. Rxf6 Rd1 33. Ka3
Qe4 34. Ka2 Qb1+ 35. Ka3 Qe4 36. Ka2 Qb1+ 37. Ka3 Qe4 38. Ka2 1/2-1/2

[Event "47th IT Bosna 2017"]
[Site "Sarajevo"]
[Date "2017.05.18"]
[Round "8.12"]
[White "Jakovljevic, Vlado"]
[Black "Velikic, Adela"]
[Result "1-0"]
[WhiteElo "2384"]
[BlackElo "2204"]
[PlyCount "85"]
[EventDate "2017.05.13"]

1. Nf3 Nf6 2. c4 e6 3. Nc3 c5 4. g3 b6 5. Bg2 Bb7 6. O-O Be7 7. d4 cxd4 8. Qxd4
O-O 9. Bf4 Nc6 10. Qd2 Na5 11. b3 Bb4 12. Qb2 Qe7 13. Rfd1 Ba3 14. Qc2 Rac8 15.
Nb5 Be4 16. Qd2 d5 17. Nxa3 Qxa3 18. Rac1 Nb7 19. cxd5 Nxd5 20. Be5 Qb4 21. Bb2
Rfd8 22. Rxc8 Rxc8 23. Qxb4 Nxb4 24. Rd4 Bxf3 25. Bxf3 Nd5 26. Bxd5 exd5 27.
Rxd5 Nc5 28. f3 Ne6 29. Rd2 Kf8 30. e4 f6 31. Kf2 Ke8 32. Ke3 Rc5 33. f4 Ra5
34. Bc3 Rc5 35. Rc2 Nc7 36. Kd3 Kd7 37. Bd4 Rh5 38. h4 Ra5 39. g4 Ne6 40. Be3
h5 41. f5 Nd8 42. Bd2 Re5 43. Bf4 1-0

[Event "47th IT Bosna 2017"]
[Site "Sarajevo"]
[Date "2017.05.18"]
[Round "8.13"]
[White "Kamberovic, Senad"]
[Black "Nestorovic, Dejan"]
[Result "1/2-1/2"]
[WhiteElo "2158"]
[BlackElo "2375"]
[PlyCount "81"]
[EventDate "2017.05.13"]

1. d4 Nf6 2. Nf3 e6 3. Bf4 b6 4. e3 Bb7 5. Bd3 g6 6. h3 Bg7 7. O-O O-O 8. c4 d6
9. Nc3 Nbd7 10. Bh2 Qe7 11. Rc1 e5 12. Be2 c5 13. d5 Kh8 14. Nd2 Ng8 15. a3 f5
16. b4 Ngf6 17. Nb3 Rac8 18. Nb5 a6 19. Nc3 cxb4 20. axb4 Rc7 21. Qd2 Rfc8 22.
Rfd1 Bf8 23. Na4 b5 24. cxb5 Bxd5 25. Rxc7 Rxc7 26. Na5 axb5 27. Bxb5 Ba8 28.
Rc1 Qd8 29. Bxd7 Nxd7 30. Bg3 Qc8 31. Rxc7 Qxc7 32. f3 Nf6 33. b5 Nd5 34. Bf2
Bh6 35. f4 exf4 36. b6 Qd7 37. b7 Bxb7 38. Qb2+ Kg8 39. Qxb7 Qxb7 40. Nxb7 fxe3
41. Be1 1/2-1/2

[Event "47th IT Bosna 2017"]
[Site "Sarajevo"]
[Date "2017.05.18"]
[Round "8.14"]
[White "Eric, Jovana"]
[Black "Vajic, Goran"]
[Result "1/2-1/2"]
[WhiteElo "2237"]
[BlackElo "2295"]
[PlyCount "88"]
[EventDate "2017.05.13"]

1. e4 e5 2. Nf3 Nf6 3. d4 Nxe4 4. Bd3 d5 5. dxe5 Nc5 6. Be2 Nc6 7. Be3 Be6 8.
Nc3 Nd7 9. Bf4 Bb4 10. O-O Bxc3 11. bxc3 O-O 12. Rb1 Nb6 13. Bd3 Ne7 14. Ng5
Bf5 15. Bxf5 Nxf5 16. Qd3 g6 17. g4 Ng7 18. Qh3 h5 19. gxh5 Nxh5 20. e6 Qf6 21.
exf7+ Rxf7 22. Be3 Re7 23. Qg2 Qf5 24. Rbd1 c6 25. Rd4 Nd7 26. Rh4 Ndf6 27. Nf3
Re4 28. Nd4 Qd7 29. Qxg6+ Qg7 30. Qxg7+ Kxg7 31. Rxe4 Nxe4 32. Rb1 Nd6 33. Ne6+
Kf7 34. Ng5+ Kf6 35. h4 b6 36. Re1 Kf5 37. f3 Re8 38. Kf2 Nc4 39. Nf7 Kg6 40.
Ng5 Kf5 41. Bc1 Rxe1 42. Kxe1 Ne5 43. Kf2 c5 44. Be3 Nf6 1/2-1/2

[Event "47th IT Bosna 2017"]
[Site "Sarajevo"]
[Date "2017.05.18"]
[Round "8.15"]
[White "Krstonijevic, Stjepan"]
[Black "Ozates, Tuna"]
[Result "1/2-1/2"]
[WhiteElo "2155"]
[BlackElo "2286"]
[PlyCount "56"]
[EventDate "2017.05.13"]

1. e4 c5 2. Nf3 Nc6 3. Bb5 g6 4. O-O Bg7 5. Re1 e5 6. d3 Nge7 7. Bg5 Qc7 8. a4
O-O 9. Nc3 h6 10. Bxe7 Nxe7 11. Bc4 d6 12. Nd5 Nxd5 13. Bxd5 Kh7 14. a5 Rb8 15.
Nd2 Qe7 16. Nf1 f5 17. f3 f4 18. h3 g5 19. Kf2 h5 20. Ke2 Be6 21. Bxe6 Qxe6 22.
Nd2 Bf6 23. Rh1 Kg6 24. c4 Kf7 25. Qa4 Rg8 26. Kd1 Rg7 27. Kc2 Be7 28. a6 b6
1/2-1/2

[Event "47th IT Bosna 2017"]
[Site "Sarajevo"]
[Date "2017.05.18"]
[Round "8.16"]
[White "Kilic, Efe Mert"]
[Black "Jurman, Roberto"]
[Result "1-0"]
[WhiteElo "2284"]
[BlackElo "2152"]
[PlyCount "93"]
[EventDate "2017.05.13"]

1. e4 e6 2. d4 d5 3. Nd2 dxe4 4. Nxe4 Bd7 5. Nf3 Bc6 6. Neg5 Nh6 7. Ne5 Bd6 8.
Nxe6 Qf6 9. Nxc6 Qxe6+ 10. Ne5 f6 11. Qh5+ Kd8 12. Bxh6 gxh6 13. Bc4 Qe8 14.
Bf7 Qe7 15. O-O-O Rf8 16. Bc4 fxe5 17. dxe5 Qg5+ 18. Qxg5+ hxg5 19. f3 g4 20.
exd6 gxf3 21. gxf3 Nd7 22. dxc7+ Kxc7 23. Rhg1 Nf6 24. Rg7+ Kc6 25. Re1 Rae8
26. Rxe8 Nxe8 27. Rf7 Rxf7 28. Bxf7 Nf6 29. Kd2 Kd6 30. Ke3 Ke5 31. c4 b6 32.
h3 a5 33. a3 h6 34. b4 Nd7 35. f4+ Kd6 36. Kd4 axb4 37. axb4 Ke7 38. Bd5 Kd6
39. Bf3 Nb8 40. c5+ bxc5+ 41. bxc5+ Kc7 42. f5 Kd7 43. Ke5 Na6 44. c6+ Ke7 45.
f6+ Kf7 46. Bh5+ Kf8 47. Kd6 1-0

[Event "47th IT Bosna 2017"]
[Site "Sarajevo"]
[Date "2017.05.18"]
[Round "8.17"]
[White "Hrescak, Ivana"]
[Black "Maksimovic, Bojan"]
[Result "1-0"]
[WhiteElo "2111"]
[BlackElo "2269"]
[PlyCount "105"]
[EventDate "2017.05.13"]

1. d4 Nf6 2. c4 c5 3. d5 b5 4. cxb5 a6 5. bxa6 Bxa6 6. Nc3 g6 7. g3 d6 8. Bg2
Bg7 9. Nf3 Nbd7 10. Rb1 O-O 11. O-O Qb6 12. b3 Ng4 13. Bd2 Rfb8 14. a4 Nge5 15.
Nxe5 Nxe5 16. Qc2 Bc8 17. Kh1 Bf5 18. e4 Bc8 19. f4 Nd7 20. Rfe1 Ba6 21. Nd1
Qa7 22. Bc3 Bxc3 23. Qxc3 Rb4 24. Ne3 Rd4 25. Rbd1 Rb8 26. Nc2 Rxd1 27. Rxd1
Qb7 28. Rb1 Nb6 29. a5 Nd7 30. h3 Be2 31. Kh2 Qa6 32. Rb2 Bd3 33. Ne1 Bb5 34.
Nc2 Nf6 35. e5 Nd7 36. Ne3 f5 37. e6 Nf6 38. g4 Bd3 39. b4 cxb4 40. Rxb4 Rc8
41. Qa3 Be4 42. Bxe4 Nxe4 43. Qb2 Qd3 44. Rb3 Nc3 45. Rb8 Rxb8 46. Qxb8+ Kg7
47. Qe8 Qe2+ 48. Ng2 fxg4 49. Qxe7+ Kh6 50. Qg5+ Kg7 51. hxg4 Qf3 52. Qe7+ Kh6
53. Qf8# 1-0

[Event "47th IT Bosna 2017"]
[Site "Sarajevo"]
[Date "2017.05.18"]
[Round "8.18"]
[White "Marn, Jan"]
[Black "Hodzic, Nihad"]
[Result "0-1"]
[WhiteElo "2035"]
[BlackElo "2266"]
[PlyCount "130"]
[EventDate "2017.05.13"]

1. e4 c5 2. c3 g6 3. d4 cxd4 4. cxd4 d5 5. e5 Nc6 6. h3 Bg7 7. Nf3 f6 8. Bb5
Bd7 9. O-O Nxe5 10. dxe5 Bxb5 11. Re1 fxe5 12. Nc3 Bc6 13. Nxe5 Nf6 14. Nxc6
bxc6 15. Qa4 Qd7 16. Qa3 Kf7 17. Na4 Qd6 18. Qe3 Rhe8 19. Nc5 e5 20. b4 Rab8
21. Ba3 Kg8 22. Rac1 d4 23. Qb3+ Qd5 24. Qc2 e4 25. Na6 Rbc8 26. Qa4 Qxa2 27.
Rc2 Qe6 28. Nc5 Qf7 29. Bc1 d3 30. Ra2 Qc4 31. Bd2 Rc7 32. Bf4 Rf7 33. Rc1 Qd5
34. Nb3 Nd7 35. Be3 Ne5 36. Rc5 Qd7 37. Ra5 Ra8 38. Nc5 Qd5 39. Nb3 Qd8 40. Nc5
Nc4 41. Qxc6 Nxa5 42. Rxa5 Rc8 43. Qe6 d2 44. Bxd2 Rxc5 45. bxc5 Qxd2 46. Rxa7
Qxf2+ 47. Kh1 Bf8 48. Rxf7 Qxf7 49. Qxe4 Bxc5 50. Qa8+ Kg7 51. Qa1+ Qf6 52.
Qxf6+ Kxf6 53. Kh2 Bf2 54. Kh1 Kf5 55. Kh2 Kf4 56. Kh1 Kg3 57. h4 Kxh4 58. Kh2
Kg4 59. Kh1 Kf4 60. Kh2 Ke3 61. Kh1 Ke2 62. Kh2 Kf1 63. Kh1 Bg1 64. g4 Kf2 65.
g5 Kg3 0-1

[Event "47th IT Bosna 2017"]
[Site "Sarajevo"]
[Date "2017.05.18"]
[Round "8.19"]
[White "Drazic, Sinisa"]
[Black "Temizkan, Denizcan"]
[Result "1/2-1/2"]
[WhiteElo "2427"]
[BlackElo "2124"]
[PlyCount "64"]
[EventDate "2017.05.13"]

1. Nf3 d5 2. g3 Nf6 3. Bg2 Bg4 4. O-O Nbd7 5. d4 e6 6. c4 c6 7. Qb3 Qb6 8. Nc3
Be7 9. cxd5 cxd5 10. Ne5 Nxe5 11. dxe5 Nd7 12. Qa4 Qb4 13. Qxb4 Bxb4 14. e4 d4
15. Nb5 Be2 16. Nc7+ Ke7 17. Nxa8 Bxf1 18. Bxf1 Rxa8 19. Bf4 h6 20. h4 Rc8 21.
Bd3 Ba5 22. Kf1 Rc5 23. Ke2 Kd8 24. Rd1 Bb6 25. a4 a5 26. Rb1 Nxe5 27. b4 axb4
28. Bxe5 Rxe5 29. Rxb4 Kc7 30. Rb5 Rxb5 31. Bxb5 Kd6 32. h5 f6 1/2-1/2

[Event "47th IT Bosna 2017"]
[Site "Sarajevo"]
[Date "2017.05.18"]
[Round "8.20"]
[White "Marjanovic, Dejan"]
[Black "Obuca, Bajro"]
[Result "1-0"]
[WhiteElo "2412"]
[BlackElo "2117"]
[PlyCount "89"]
[EventDate "2017.05.13"]

1. d4 d5 2. c4 e6 3. Nf3 Nf6 4. Nc3 c6 5. e3 Bd6 6. Bd3 h6 7. O-O Nbd7 8. e4
dxe4 9. Nxe4 Nxe4 10. Bxe4 Nf6 11. Bc2 O-O 12. b3 Re8 13. Bb2 Bf8 14. Qd3 g6
15. Rfe1 Bg7 16. Ne5 Qc7 17. Qf3 Bd7 18. h4 h5 19. Bc1 Rf8 20. Bf4 Qc8 21. Rad1
Ng4 22. Qg3 a5 23. f3 Nxe5 24. dxe5 a4 25. b4 a3 26. Bg5 Be8 27. Qf4 Qc7 28.
Rd6 Qb6+ 29. c5 Qb5 30. Bd3 Qa4 31. g4 b6 32. cxb6 Rb8 33. Qd4 hxg4 34. fxg4 c5
35. bxc5 Qa5 36. Rb1 Ba4 37. b7 Qc7 38. Qxa4 Bxe5 39. Rd7 Qxc5+ 40. Kg2 Bb2 41.
Be7 Qc3 42. Bb4 Qf6 43. Bxf8 Rxf8 44. Rf1 Qxh4 45. Rdxf7 1-0

[Event "47th IT Bosna 2017"]
[Site "Sarajevo"]
[Date "2017.05.18"]
[Round "8.21"]
[White "Sahin, Doga Boran"]
[Black "Muratovic, Efim"]
[Result "0-1"]
[WhiteElo "2060"]
[BlackElo "2383"]
[PlyCount "42"]
[EventDate "2017.05.13"]

1. e4 g6 2. d4 Bg7 3. Nf3 c5 4. dxc5 Qa5+ 5. c3 Qxc5 6. Na3 Nc6 7. Nb5 Qb6 8.
Be3 Qd8 9. Bc4 d6 10. Nbd4 Nf6 11. Nxc6 bxc6 12. Qa4 Qc7 13. e5 dxe5 14. Nxe5
O-O 15. Qxc6 Qxe5 16. Qxa8 Ng4 17. Qxa7 Qe4 18. Be2 Qxg2 19. O-O-O Ne5 20. Qxe7
Bf5 21. Rhe1 Qe4 0-1

[Event "47th IT Bosna 2017"]
[Site "Sarajevo"]
[Date "2017.05.18"]
[Round "8.22"]
[White "Slamar, Velimir"]
[Black "Sarenac, David"]
[Result "0-1"]
[WhiteElo "2059"]
[BlackElo "2346"]
[PlyCount "78"]
[EventDate "2017.05.13"]

1. d4 Nf6 2. Nf3 g6 3. c4 Bg7 4. Nc3 d5 5. cxd5 Nxd5 6. e4 Nxc3 7. bxc3 c5 8.
Rb1 O-O 9. Be2 Nc6 10. d5 Ne5 11. O-O Nxf3+ 12. Bxf3 Bxc3 13. Qb3 Bd4 14. Re1
Qd6 15. Bh6 Rd8 16. g3 e5 17. h4 Rb8 18. Kg2 b5 19. Rbd1 Bd7 20. Rh1 a5 21. h5
a4 22. Qc2 Rb7 23. Qc1 Bc8 24. Rh4 b4 25. Be2 b3 26. axb3 axb3 27. Bd3 b2 28.
Qd2 c4 29. Bc2 c3 30. Qe2 Ra7 31. Qf3 Ra1 32. Rhh1 Rxd1 33. Rxd1 Bd7 34. g4 Ra8
35. Bg5 Ra1 36. h6 f6 37. Be3 Bxe3 38. fxe3 Rc1 39. Qf1 Rxc2+ 0-1

[Event "47th IT Bosna 2017"]
[Site "Sarajevo"]
[Date "2017.05.18"]
[Round "8.23"]
[White "Trkulja, Goran"]
[Black "Garabetyan, Arno"]
[Result "1/2-1/2"]
[WhiteElo "2291"]
[BlackElo "2050"]
[PlyCount "58"]
[EventDate "2017.05.13"]

1. e4 c5 2. Nf3 e6 3. d4 cxd4 4. Nxd4 a6 5. f4 Qc7 6. Bd3 Bc5 7. Nf3 d6 8. Nc3
Nf6 9. Qe2 Nbd7 10. Bd2 e5 11. Nd5 Nxd5 12. exd5 O-O 13. fxe5 Nxe5 14. Nxe5
dxe5 15. O-O-O f5 16. Bc4 Bd6 17. Bb3 Kh8 18. Kb1 Bd7 19. c4 a5 20. a4 Rae8 21.
Rc1 f4 22. Rhf1 b6 23. g3 Qc8 24. gxf4 exf4 25. Qf2 Bc5 26. Qh4 Be7 27. Qf2 Bc5
28. Qh4 Be7 29. Qf2 Bc5 1/2-1/2

[Event "47th IT Bosna 2017"]
[Site "Sarajevo"]
[Date "2017.05.18"]
[Round "8.24"]
[White "Obad, Andrija"]
[Black "Sinanovic, Ermin"]
[Result "0-1"]
[WhiteElo "2256"]
[BlackElo "1973"]
[PlyCount "128"]
[EventDate "2017.05.13"]

1. e4 c5 2. Nf3 d6 3. d4 cxd4 4. Nxd4 a6 5. c4 Nf6 6. Nc3 e6 7. Be2 Be7 8. O-O
O-O 9. Be3 Qc7 10. Rc1 b6 11. Qd2 Bb7 12. f3 Nbd7 13. Rfd1 Rac8 14. Bf1 Rfd8
15. Qf2 Ne5 16. Na4 Nfd7 17. b4 Rb8 18. Qg3 Nc6 19. c5 bxc5 20. bxc5 Nde5 21.
Nxc6 Bxc6 22. cxd6 Bxd6 23. f4 Ba3 24. Rxd8+ Qxd8 25. Re1 Bxa4 26. fxe5 Bb4 27.
Rb1 a5 28. Qf4 Rc8 29. Rb2 Rc2 30. Rxc2 Bxc2 31. h4 Qa8 32. Bb5 Qb7 33. a4 Bxe4
34. Qg5 Be7 35. Qg3 Kf8 36. h5 h6 37. Bf4 Qd5 38. Kh2 Qd1 39. Qc3 Qxh5+ 40. Kg1
Qd1+ 41. Kh2 g5 42. Be3 Qc2 43. Qxc2 Bxc2 44. Bb6 Bb4 45. Bd8 Kg7 46. g4 Bc3
47. Bf6+ Kg6 48. Be8 Bd1 49. Kg3 h5 50. gxh5+ Bxh5 51. Bb5 Bd1 52. Bd3+ Kh6 53.
Bb5 Bc2 54. Kg4 Kg6 55. Be8 Bd1+ 56. Kh3 Kf5 57. Bxf7 Bxa4 58. Bd8 Bd1 59. Be8
a4 60. Bb5 g4+ 61. Kg2 a3 62. Bc4 Bf3+ 63. Kf2 Bxe5 64. Bd3+ Kf4 0-1

[Event "47th IT Bosna 2017"]
[Site "Sarajevo"]
[Date "2017.05.18"]
[Round "8.25"]
[White "Sitnic, Adnan"]
[Black "Cunjalo, Faris"]
[Result "1/2-1/2"]
[WhiteElo "2235"]
[BlackElo "2042"]
[PlyCount "69"]
[EventDate "2017.05.13"]

1. e4 c6 2. d4 d5 3. exd5 cxd5 4. Bf4 Nf6 5. Bd3 Bg4 6. Nf3 Nc6 7. c3 e6 8. Qb3
Qc8 9. Nbd2 Be7 10. O-O O-O 11. Ne5 Bh5 12. Qc2 Bg6 13. Bxg6 hxg6 14. Qd3 Nd7
15. Nef3 a6 16. a4 b6 17. b4 Qb7 18. Rfb1 Rfc8 19. a5 Bd8 20. axb6 Qxb6 21. Nb3
Qb5 22. Qe3 Bc7 23. Bxc7 Rxc7 24. Nc5 Nf6 25. Nd2 Rca7 26. h3 Ne8 27. Qf4 Qb8
28. Qxb8 Nxb8 29. b5 axb5 30. Rxa7 Rxa7 31. Rxb5 Nd7 32. Nxd7 Rxd7 33. Rb8 Kf8
34. Nb3 Ke7 35. Nc5 1/2-1/2

[Event "47th IT Bosna 2017"]
[Site "Sarajevo"]
[Date "2017.05.18"]
[Round "8.26"]
[White "Mrndjic, Muamer"]
[Black "Ananya, Rishi Gupta"]
[Result "1-0"]
[WhiteElo "2199"]
[BlackElo "1955"]
[PlyCount "39"]
[EventDate "2017.05.13"]

1. d4 d5 2. c4 c6 3. Nc3 Nf6 4. Nf3 Bf5 5. cxd5 cxd5 6. Qb3 b6 7. Bf4 a6 8. Rc1
Ra7 9. Ne5 e6 10. e3 Bd6 11. Qa4+ Kf8 12. Nb5 axb5 13. Qxa7 Bxe5 14. Bxe5 Nbd7
15. Bd6+ Kg8 16. Qb7 Nc5 17. dxc5 bxc5 18. Rxc5 e5 19. Be7 Qe8 20. Bxb5 1-0

[Event "47th IT Bosna 2017"]
[Site "Sarajevo"]
[Date "2017.05.18"]
[Round "8.27"]
[White "Nezirovic, Ozren"]
[Black "Buzeti, Jernej"]
[Result "0-1"]
[WhiteElo "2013"]
[BlackElo "2196"]
[PlyCount "50"]
[EventDate "2017.05.13"]

1. e4 c5 2. Nf3 d6 3. d4 cxd4 4. Nxd4 Nf6 5. Nc3 a6 6. h3 e6 7. g4 Be7 8. Be3
Nbd7 9. Qd2 b5 10. Bg2 Bb7 11. O-O-O Nb6 12. b3 Nbd7 13. f4 Rc8 14. Nce2 Qc7
15. Kb1 Nc5 16. Ng3 d5 17. exd5 Bxd5 18. Rhe1 O-O 19. Ndf5 exf5 20. Bxd5 Nxd5
21. Qxd5 Na4 22. bxa4 Qxc2+ 23. Ka1 Rfd8 24. Qb3 Bf6+ 25. Bd4 Rxd4 0-1

[Event "47th IT Bosna 2017"]
[Site "Sarajevo"]
[Date "2017.05.18"]
[Round "8.28"]
[White "Bucan, Eldin"]
[Black "Alaz, Ahmet Efekan"]
[Result "1-0"]
[WhiteElo "2126"]
[BlackElo "1965"]
[PlyCount "71"]
[EventDate "2017.05.13"]

1. e4 e6 2. d4 d5 3. Nc3 Nf6 4. Bg5 Be7 5. e5 Nfd7 6. Bxe7 Qxe7 7. Qg4 O-O 8.
Nf3 a6 9. Bd3 f5 10. exf6 Nxf6 11. Qh4 Qb4 12. O-O-O c5 13. a3 Qa5 14. dxc5
Qxc5 15. Rhe1 Qd6 16. Kb1 Nc6 17. Ne2 e5 18. Nc3 h6 19. Ne4 Qc7 20. Nxf6+ Rxf6
21. Qg3 Re6 22. c4 d4 23. Be4 Re7 24. Qg6 Be6 25. Qh7+ Kf8 26. Qh8+ Kf7 27.
Qxa8 Bxc4 28. Rc1 Na5 29. Bd5+ Kg6 30. Qf8 Bd3+ 31. Ka1 Qd6 32. Nxe5+ Qxe5 33.
Rxe5 Rxe5 34. Qd6+ Kf5 35. g4+ Kf4 36. Re1 1-0

[Event "47th IT Bosna 2017"]
[Site "Sarajevo"]
[Date "2017.05.18"]
[Round "8.29"]
[White "Popovic, Zoran"]
[Black "Lakovic, Igor"]
[Result "1-0"]
[WhiteElo "2300"]
[BlackElo "2009"]
[PlyCount "49"]
[EventDate "2017.05.13"]

1. d4 e6 2. c4 Nf6 3. Nc3 Bb4 4. Qc2 O-O 5. a3 Bxc3+ 6. Qxc3 d5 7. Bg5 dxc4 8.
Qxc4 b6 9. Nf3 Ba6 10. Qc2 Nbd7 11. Ne5 Nxe5 12. dxe5 Qd5 13. Bxf6 gxf6 14. e4
Qxe5 15. Bxa6 Qa5+ 16. Qc3 Qxa6 17. Qxf6 Rfd8 18. h4 Qd3 19. Rh3 Qd2+ 20. Kf1
Rd3 21. f3 Rad8 22. Rg3+ Kf8 23. Rg7 Rxf3+ 24. gxf3 Qd3+ 25. Kg2 1-0

[Event "47th IT Bosna 2017"]
[Site "Sarajevo"]
[Date "2017.05.18"]
[Round "8.30"]
[White "Hadzovic, Amir"]
[Black "Kozarcanin, Sead"]
[Result "1-0"]
[WhiteElo "2280"]
[BlackElo "2016"]
[PlyCount "71"]
[EventDate "2017.05.13"]

1. e4 e5 2. d4 exd4 3. Qxd4 Nc6 4. Qe3 Nf6 5. Bd2 Bb4 6. a3 Bxd2+ 7. Nxd2 O-O
8. f4 Qe7 9. O-O-O Re8 10. Bd3 d6 11. h3 Bf5 12. Re1 d5 13. e5 Bxd3 14. Qxd3
Rad8 15. Ngf3 Nh5 16. g3 Nxg3 17. Ng5 Ne4 18. Ndxe4 dxe4 19. Qxe4 g6 20. h4 Rd4
21. Qe3 h5 22. Ne4 Kg7 23. Nf6 Rh8 24. Rhg1 Qe6 25. Kb1 Qf5 26. Ne4 Qd7 27. Qc3
Qf5 28. Nc5 Qxf4 29. Rgf1 Qxh4 30. e6 f6 31. e7 Rc4 32. Ne6+ Kf7 33. Ng5+ Qxg5
34. Qxc4+ Ke8 35. Qe6 Qg4 36. Qxf6 1-0

[Event "47th IT Bosna 2017"]
[Site "Sarajevo"]
[Date "2017.05.18"]
[Round "8.31"]
[White "Cosovic, Aziz"]
[Black "Sukovic, Andrej"]
[Result "1-0"]
[WhiteElo "2006"]
[BlackElo "2236"]
[PlyCount "107"]
[EventDate "2017.05.13"]

1. e4 c5 2. Nf3 d6 3. d4 cxd4 4. Nxd4 Nf6 5. Nc3 a6 6. Bg5 Nbd7 7. a3 h6 8. Be3
Nc5 9. f3 e5 10. Nb3 Be6 11. Nxc5 dxc5 12. Qxd8+ Rxd8 13. Na4 c4 14. Nb6 Nd7
15. Rd1 Nxb6 16. Rxd8+ Kxd8 17. Bxb6+ Kd7 18. Kd2 Kc6 19. Be3 b5 20. Be2 Be7
21. c3 f6 22. Ra1 Bf7 23. Bd1 g5 24. h3 h5 25. Ke1 Be6 26. Kf2 f5 27. exf5 Bxf5
28. a4 Bc8 29. axb5+ axb5 30. Bc2 g4 31. Be4+ Kd6 32. hxg4 hxg4 33. Ra5 Rh1 34.
Rxb5 Bh4+ 35. Ke2 gxf3+ 36. gxf3 Bh3 37. Kd2 Be1+ 38. Kc2 Rh2+ 39. Kb1 Bf1 40.
Rd5+ Ke6 41. Rd1 Bf2 42. Rd2 Bg1 43. Rxh2 Bxh2 44. Ka2 Bg3 45. Ka3 Bh4 46. Kb4
Be7+ 47. Kb5 Bf8 48. Kc6 Be7 49. f4 exf4 50. Bxf4 Bd3 51. Bd5+ Kf5 52. Be3 Be4
53. Bd4 Bg5 54. Ba7 {Neèitak formular} 1-0

[Event "47th IT Bosna 2017"]
[Site "Sarajevo"]
[Date "2017.05.18"]
[Round "8.32"]
[White "Omanovic, Vahidin"]
[Black "Kapetanovic, Edin"]
[Result "1/2-1/2"]
[WhiteElo "2002"]
[BlackElo "2182"]
[PlyCount "72"]
[EventDate "2017.05.13"]

1. e4 c5 2. Nc3 e6 3. Nf3 a6 4. d4 cxd4 5. Nxd4 Qc7 6. Be3 Bb4 7. Qd2 Nf6 8. f3
d5 9. exd5 Nxd5 10. Nde2 Nxe3 11. Qxe3 O-O 12. O-O-O Nc6 13. h4 b5 14. h5 h6
15. Rh4 Be7 16. Re4 Bb7 17. Kb1 Rfd8 18. Re1 Na5 19. Rg4 Kh8 20. Nc1 b4 21. Na4
Rac8 22. Bd3 Rd5 23. Nb3 Nxb3 24. axb3 Rxh5 25. Rc4 Qg3 26. Rxc8+ Bxc8 27. Qe4
g6 28. Rd1 Qc7 29. g4 Rh3 30. f4 Kg8 31. Qa8 Kg7 32. f5 exf5 33. gxf5 gxf5 34.
Rg1+ Bg5 35. Qd5 Qb7 36. Qe5+ Kg6 1/2-1/2

[Event "47th IT Bosna 2017"]
[Site "Sarajevo"]
[Date "2017.05.18"]
[Round "8.33"]
[White "Haskovic, Salih"]
[Black "Terzic, Ilijas"]
[Result "0-1"]
[WhiteElo "1967"]
[BlackElo "2163"]
[PlyCount "24"]
[EventDate "2017.05.13"]

1. e4 e5 2. Nc3 Nf6 3. Bc4 Bc5 4. h3 Nc6 5. d3 Na5 6. Bg5 Nxc4 7. dxc4 h6 8.
Bh4 g6 9. Bg3 g5 10. Qe2 Bb4 11. Qf3 Bd6 12. Qd3 c6 {Neèitak formular} 0-1